|
|
|
|
| LEADER |
00903nam a2200241 a 4500 |
| 008 |
090802s1957 enk 000 0 eng d |
| 020 |
|
|
|a 0140437908
|
| 020 |
|
|
|a 0882950886 (pbk.) :
|c $3.95
|
| 040 |
|
|
|a DLC
|c DLC
|d DLC
|
| 082 |
0 |
0 |
|a 822/.912
|2 19
|
| 100 |
1 |
|
|a Shaw, Bernard,
|d 1856-1950.
|
| 245 |
1 |
0 |
|a Major Barbara /
|c Bernard Shaw ; edited by Dan H. Laurence.
|
| 260 |
|
|
|a London :
|b Penguin,
|c 1957.
|
| 300 |
|
|
|a xv, 156 p. ;
|c 20 cm.
|
| 490 |
0 |
|
|a Penguin classics.
|
| 541 |
1 |
|
|e 00012011
|
| 610 |
2 |
0 |
|a Salvation Army
|v Drama.
|
| 650 |
|
0 |
|a Children of the rich
|v Drama.
|
| 650 |
|
0 |
|a Fathers and daughters
|v Drama.
|
| 700 |
1 |
|
|a Laurence, Dan H.
|
| 852 |
4 |
|
|a Ayesha Abed Library
|j General shelf
|
| 999 |
|
|
|c 3725
|d 3725
|
| 952 |
|
|
|0 0
|1 0
|2 ddc
|4 0
|6 822_912000000000000_SHA
|7 0
|9 3382
|a BRACUL
|b BRACUL
|c GEN
|d 2009-09-03
|g 670.00
|l 6
|m 40
|o 822.912 SHA
|p 3010012011
|q 2025-10-08
|r 2023-05-27
|s 2023-05-27
|t 1
|w 2009-09-03
|y BK
|x $8.00
|